Statistics for Eragon Trivia Quiz #1

Click here to take the quiz!

General Stats

  • This quiz has been taken 949 times
  • The average score is 7 of 15

Answer Stats

HintAnswer% Correct
What color is Murtagh's dragon, Thorn?Red
97%
What substance did Saphira turn Brom's grave into?Diamond
81%
How is Murtagh related to Eragon?Half Brother
80%
Name of the rebel group fighting against Galbatorix and the Empire.Varden
69%
Name of Katrina's father.Sloan
64%
Name of Roran's father.Garrow
58%
Name of the mountain range home to both Eragon and Urgals.The Spine
56%
Eragon's first sword recieved from Brom.Zar'roc
50%
Name of the city in which Eragon was ambushed by the Ra'zac in a church.Dras-Leona
44%
Name of the island that was the ancient home to the RidersVroengard
33%
How did Thorn kill Oromis's dragon, Glaedr?A bite to the back of the skull
30%
Name of the werecat Eragon met in Ellesmera.Maud
28%
The name of the battle at the end of the 2nd book Eldest.Battle of the Burning Plains
24%
The acidic oil used by the Ra'zac as a weapon.Seithr oil
16%
What book did Eragon receive from Jeod as a gift?Domia abr Wyrda
10%

Score Distribution

Percentile by Number Answered

Percent of People with Each Score

Your Score History

You have not taken this quiz